| 000 -LEADER |
| fixed length control field |
01692pab a2200169 454500 |
| 008 - FIXED-LENGTH DATA ELEMENTS--GENERAL INFORMATION |
| fixed length control field |
180718b2000 xxu||||| |||| 00| 0 eng d |
| 100 ## - MAIN ENTRY--PERSONAL NAME |
| Personal name |
Choudhary, Kameshwar |
| 245 ## - TITLE STATEMENT |
| Title |
Development dilemma: resettlement of Gir Maldharis |
| 260 ## - PUBLICATION, DISTRIBUTION, ETC. |
| Date of publication, distribution, etc. |
2000 |
| 300 ## - PHYSICAL DESCRIPTION |
| Extent |
p.2662-668 |
| 362 ## - DATES OF PUBLICATION AND/OR SEQUENTIAL DESIGNATION |
| Dates of publication and/or sequential designation |
22 Jul |
| 520 ## - SUMMARY, ETC. |
| Summary, etc. |
The growth-led paradigm of development has resulted in global ecological imbalances, increased inter- and intra-country socio-economic inequalities, displacement, marginalisation and cultural uprooting of a large number of native people. The ecology-centred model emerged in answer, and emphasised the creation of more national parks and sanctuaries. Ironically, this also led to the displacement of a large number of native people and their further marginalisation and sufferings in social, economic and cultural terms. This paper discusses the case of displacement and resettlement of the `maldharis' of the Gir forest in Gujarat, who were displaced and resettled in 1970s and 1980s as a result of creation of a sanctuary and later a national park in the Gir forest. The state government policy of resettlement had a negative view of the maldharis, and was neither well-conceived nor implemented systematically. At present, there is an eco-development project in the Gir protected area sponsored by the World Bank, which does not approve of forced relocation and provides for voluntary relocation in a participatory way. Accordingly, the state government stance has changed, but on an experimental basis and only for this one project. - Reproduced |
| 650 ## - SUBJECT ADDED ENTRY--TOPICAL TERM |
| Topical term or geographic name entry element |
Resettlement - India - Gujarat |
| 650 ## - SUBJECT ADDED ENTRY--TOPICAL TERM |
| Topical term or geographic name entry element |
Resettlement |
| 773 ## - HOST ITEM ENTRY |
| Main entry heading |
Economic and Political Weekly |
| 909 ## - |
| -- |
45581 |